|
|
|
|
| LEADER |
02493nam a2200697 i 4500 |
| 001 |
nkc20243587818 |
| 003 |
CZ PrNK |
| 005 |
20240308125725.0 |
| 007 |
ta |
| 008 |
240207s2023 xr f 001 0 cze |
| 015 |
|
|
|a cnb003587818
|
| 020 |
|
|
|a 978-80-7329-488-5
|q (Repronis ;
|q brožováno)
|
| 035 |
|
|
|a (OCoLC)1429250622
|
| 040 |
|
|
|a OLA001
|b cze
|d BOA001
|e rda
|
| 041 |
0 |
|
|a cze
|b cze
|b eng
|
| 072 |
|
7 |
|a 159.92
|x Vývojová psychologie. Individuální psychologie
|2 Konspekt
|9 17
|
| 080 |
|
|
|a 37.048.3
|2 MRF
|
| 080 |
|
|
|a 159.98:659.24
|2 MRF
|
| 080 |
|
|
|a 364-4
|2 MRF
|
| 080 |
|
|
|a 316.346.32-053.2
|2 MRF
|
| 080 |
|
|
|a 159.922
|2 MRF
|
| 080 |
|
|
|a 376.04
|2 MRF
|
| 080 |
|
|
|a 616.1/.9
|2 MRF
|
| 080 |
|
|
|a 159.97
|2 MRF
|
| 080 |
|
|
|a (048.8)
|2 MRF
|
| 100 |
1 |
|
|a Vašutová, Maria
|7 ola20040426003
|4 aut
|
| 245 |
1 |
0 |
|a Poradenství v pedagogicko-psychologické a sociální práci /
|c Maria Vašutová
|
| 250 |
|
|
|a Vydání: první
|
| 264 |
|
1 |
|a Ostrava ;
|a Havířov :
|b Vysoká škola Prigo,
|c 2023
|
| 300 |
|
|
|a 367 stran ;
|c 21 cm
|
| 336 |
|
|
|a text
|b txt
|2 rdacontent
|
| 337 |
|
|
|a bez média
|b n
|2 rdamedia
|
| 338 |
|
|
|a svazek
|b nc
|2 rdacarrier
|
| 504 |
|
|
|a Obsahuje bibliografii a rejstřík
|
| 546 |
|
|
|a České a anglické resumé
|
| 650 |
0 |
7 |
|a výchovné poradenství
|7 ph127430
|2 czenas
|
| 650 |
0 |
7 |
|a psychologické poradenství
|7 ph124805
|2 czenas
|
| 650 |
0 |
7 |
|a pomáhající profese
|7 ph124335
|2 czenas
|
| 650 |
0 |
7 |
|a děti a mládež
|7 ph119707
|2 czenas
|
| 650 |
0 |
7 |
|a vývojová psychologie
|7 ph116715
|2 czenas
|
| 650 |
0 |
7 |
|a speciální vzdělávací potřeby
|7 ph754025
|2 czenas
|
| 650 |
0 |
7 |
|a zdravotní postižení
|7 ph325856
|2 czenas
|
| 650 |
0 |
7 |
|a duševní poruchy
|7 ph119647
|2 czenas
|
| 650 |
0 |
7 |
|a patologické závislosti
|7 ph123998
|2 czenas
|
| 650 |
0 |
9 |
|a educational counseling
|2 eczenas
|
| 650 |
0 |
9 |
|a psychological counseling
|2 eczenas
|
| 650 |
0 |
9 |
|a helping professions
|2 eczenas
|
| 650 |
0 |
9 |
|a children and youth
|2 eczenas
|
| 650 |
0 |
9 |
|a developmental psychology
|2 eczenas
|
| 650 |
0 |
9 |
|a special educational needs
|2 eczenas
|
| 650 |
0 |
9 |
|a health disabilities
|2 eczenas
|
| 650 |
0 |
9 |
|a mental disorders
|2 eczenas
|
| 650 |
0 |
9 |
|a pathological dependences
|2 eczenas
|
| 655 |
|
7 |
|a monografie
|7 fd132842
|2 czenas
|
| 655 |
|
9 |
|a monographs
|2 eczenas
|
| 910 |
2 |
|
|a BOA001
|b 2-1519.801
|
| 928 |
9 |
|
|a Prigo
|
| 990 |
|
|
|a BK
|
| 995 |
|
|
|a 01
|
| 991 |
|
|
|b 202402
|c NOV
|
| 996 |
6 |
|
|b 2610961066
|c 2-1519.801
|l MZK
|r Sklad / do 1 hodiny
|n 4
|p p.v.
|w 001953429
|u 000010
|a 1
|e BOA001
|j MZK50
|s P
|